00762cam a2200229 a 4500001000800000005001700008008004100025010001700066020002500083040001800108041000800126080001900134082002300153100000700176101000800183245008500191504006400276906004500340942001200385999001700397952011800414157882820180221073803.0930125s1993 mdu b 001 0 eng  a 93020084  a1557661405 :c$30.00 aDLCcDLCdDLC aeng a306.70874 lyd00a306.70874 lyd2201 a50 apsi10aSexuality and people with intellectual disability /cLydia Fegan and Anne Rauch. aIncludes bibliographical references (p. 123-128) and index. a7bcbccorignewd1eocipf19gy-gencatlg 2ddccBK c43066d43066 00102udc40708PËKGa002b002cPËKGd2018-02-21l0o306.70874 lydp002-2999801r2018-02-21w2018-02-21yBK